Cast of Bozo's Circus Quiz Stats

 Plays Quiz not verified by Sporcle

Challenge
Share
Tweet
Score 0/5 Timer 03:00
0 Plays Today
% Correct
Bozo
97%
Ringmaster Ned
39.4%
Oliver O. Oliver
33.3%
Mr. Bob
30.3%
Sandy
24.2%

You're not logged in!

Compare scores with friends on all Sporcle quizzes.
Join for Free
OR
Log In

You Might Also Like...

Show Comments

Extras

Top Quizzes Today


Score Distribution

Your Account Isn't Verified!

In order to create a playlist on Sporcle, you need to verify the email address you used during registration. Go to your Sporcle Settings to finish the process.

Report this User

Report this user for behavior that violates our Community Guidelines.

Details: